InterViews : an introduction to qualitative research interviewing

Αποθηκεύτηκε σε:
Λεπτομέρειες βιβλιογραφικής εγγραφής
Κύριος συγγραφέας: Kvale, Steinar
Μορφή: Βιβλίο
Γλώσσα:English
Δημοσίευση: Thousand Oaks : Sage , 1996
Θέματα:
Ετικέτες: Προσθήκη ετικέτας
Δεν υπάρχουν, Καταχωρήστε ετικέτα πρώτοι!

MARC

LEADER 00000nam a2200000 i 4500
001 1/12041
008 980126s1996 eng d
020 |a 0-8039-5820-X 
035 |1 ΠΑΡ  |a 1997  |l 10018480 
040 |a GR-MY-UA  |b gre  |e aacr 
041 0 |a eng 
082 0 |a 301.01 
100 1 |a Kvale, Steinar. 
245 1 0 |a InterViews :  |b an introduction to qualitative research interviewing /  |c Steinar Kvale 
260 |a Thousand Oaks :   |b Sage ,   |c 1996 
300 |a 325 p. 
500 |a Originally published by Studentlitteratur. Copyright Steinar Kvale and Studentlitteratur, Lund, Sweden, 1994 -Verso t.p. 
504 |a Includes bibliographical references and index 
650 0 0 |a Interviewing in sociology. 
650 0 0 |a Interviewing. 
650 0 0 |a Sociology  |x Research  |x Methodology. 
852 |a INST  |b LESVOS  |e 19980126  |h 301.01 KVA  |p 005100015252  |q 005100015252  |t BK  |y 0 
909 |a Λ  |b 052714 
950 |a 146-1996-07-16